Top 50 Year-End 100 Songs Of 2022 (Billboard) - Statistics

General Stats
  • This quiz has been taken 65 times
  • The average score is 16 of 50
Answer Stats
Hint Artist(s) Answer % Correct
2 Harry Styles As It Was
87%
1 Glass Animals Heat Waves
81%
3 The Kid LAROI, Justin Bieber Stay
81%
27 Steve Lacy Bad Habit
69%
4 Adele Easy On Me
59%
6 Jack Harlow First Class
54%
23 Kate Bush Running Up That Hill
54%
16 Lil Nas X, Jack Harlow Industry Baby
50%
12 Lizzo About Damn Time
46%
10 Elton John, Dua Lipa Cold Heart
46%
5 Ed Sheeran Shivers
46%
17 Gayle ABCDEFU
44%
13 Ed Sheeran Bad Habits
44%
41 Dua Lipa Levitating
44%
21 Doja Cat Woman
44%
15 Imagine Dragons, JID Enemy
43%
24 Harry Styles Late Night Talking
41%
39 The Weeknd, Ariana Grande Save Your Tears
41%
25 Post Malone, Doja Cat I Like You
35%
50 Dove Cameron Boyfriend
33%
8 Justin Bieber Ghost
33%
7 Latto Big Energy
31%
36 OneRepublic I Ain't Worried
30%
40 Silk Sonic, Bruno Mars, Anderson .Paak Smokin' Out The Window
30%
38 Zack Bryan Something In The Orange
30%
14 Lil Nas X That's What I Want
30%
11 Future, Drake, Tems Wait For U
30%
28 Nicky Youre, Dazy Sunroof
28%
44 Doja Cat, The Weeknd You Right
26%
37 Beyonce Break My Soul
24%
32 Drake, 21 Savage Jimmy Cooks
24%
18 Doja Cat Need To Know
24%
31 Em Beihold Numb Little Bug
24%
47 Gunna, Future, Young Thug Pushin P
22%
9 Kodak Black Super Gremlin
20%
22 Bad Bunny Titi Me Pregunto
19%
34 Walker Hayes Fancy Like
17%
49 SZA I Hate U
17%
29 Post Malone, The Weeknd One Right Now
15%
46 Doja Cat Vegas
15%
43 Bad Bunny Moscow Mule
13%
26 Morgan Wallen You Proof
13%
30 Olivia Rodrigo Good 4 You
11%
20 Bad Bunny, Chencho Corleone Me Porto Bonito
11%
19 Morgan Wallen Wasted On You
9%
42 Lil Baby In A Minute
7%
45 Cole Swindell She Had Me At Heads Carolina
7%
48 Jordan Davis, Luke Bryan Buy Dirt
6%
35 Luke Combs The Kind Of Love We Make
6%
33 Cody Johnson Til I Can't
2%
No matching quizzes found
Score Distribution
Percent of People with Each Score
Percentile by Number Answered
Your Score History
You have not taken this quiz